North American Countries - Sudden Death - Statistics

General Stats
  • This quiz has been taken 14,378 times
  • The average score is 15 of 23
Answers on the Grid
Answers color-coded by a green-red scale on the quiz's grid according to % correct below.
Anguilla
Antigua and Barbuda
Aruba
Bahamas
Barbados
Belize
Bermuda
Bonaire
British Virgin Islands
Canada
Cayman Islands
Costa Rica
Cuba
Curaçao
Dominica
Dominican Republic
El Salvador
Greenland
Grenada
Guadeloupe
Guatemala
Haiti
Honduras
Jamaica
Martinique
Mexico
Montserrat
Nicaragua
Panama
Puerto Rico
Saint Barthélemy
Saint Kitts and Nevis
Saint Lucia
Saint Martin
Saint Vincent and the
Grenadines
Sint Maarten
Trinidad and Tobago
Turks and Caicos Islands
United States
United States Virgin Islands
 
Answer Stats
Answer % Correct
Antigua and Barbuda
77%
Bahamas
74%
Barbados
74%
Canada
74%
Cuba
71%
Belize
70%
Mexico
68%
El Salvador
67%
Costa Rica
66%
Guatemala
66%
United States
66%
Dominican Republic
65%
Haiti
64%
Panama
64%
Jamaica
63%
Dominica
61%
Honduras
61%
Nicaragua
60%
Grenada
58%
Saint Lucia
58%
Trinidad and Tobago
58%
Saint Kitts and Nevis
56%
Saint Vincent and the
Grenadines
54%
No matching quizzes found
Score Distribution
Percent of People with Each Score
Percentile by Number Answered
Your Score History
You have not taken this quiz